[Event "Hessen Senioren-ch 2012  8th"]
[Site "Bad Sooden-Adf. (14.4.-22.4)"]
[Date "2012.04.18"]
[Round "5.44"]
[White "Berger, Eduard"]
[Black "Kaufmann, Helmut(33)"]
[Result "0-1"]
[WhiteElo "1677"]
[BlackElo "1897"]
[PlyCount "73"]
[EventDate "2012.04.??"]
[EventType "swiss"]
[EventRounds "9"]
[EventCountry "GER"]
[WhiteTeam "Stadtallendorf SK"]
[BlackTeam "Eutingen SK"]

1. e4 g6 2. f4 d5 3. e5 d4 4. Nf3 c5 5. Bb5+ Bd7 6. Qe2 e6 7. c3 a6 8. Bxd7+
Qxd7 9. cxd4 cxd4 10. d3 Nc6 11. Nbd2 Be7 12. Ne4 Nh6 13. h3 O-O-O 14. Bd2 Kb8
15. O-O Nf5 16. Rfd1 h6 17. Rac1 Rc8 18. a3 b6 19. Qe1 Rc7 20. g4 Ng7 21. Rc2
Rhc8 22. Rdc1 Qd5 23. Qe2 Nxe5 24. Rxc7 Nxf3+ 25. Qxf3 Rxc7 26. Rxc7 Kxc7 27.
Qd1 Kb7 28. Qc2 h5 29. Nf2 Bh4 30. Qc4 Qf3 31. Qxd4 Bxf2+ 32. Qxf2 Qxd3 33. Be3
Qd6 34. Bd4 Ne8 35. Be5 Qc5 36. Bd4 Qc6 37. Qe3 0-1

[Event "Hessen Senioren-ch 2012  8th"]
[Site "Bad Sooden-Adf. (14.4.-22.4)"]
[Date "2012.04.18"]
[Round "5.45"]
[White "Schwertel, Johann"]
[Black "Mayeres, Hans-Christian"]
[Result "1-0"]
[WhiteElo "1895"]
[BlackElo "1663"]
[PlyCount "69"]
[EventDate "2012.04.??"]
[EventType "swiss"]
[EventRounds "9"]
[EventCountry "GER"]
[WhiteTeam "Koblenz 03/25 SV"]
[BlackTeam "Recklinghausen 06 SK"]

1. d4 Nf6 2. Nf3 g6 3. Bf4 Bg7 4. e3 O-O 5. Nbd2 d6 6. c3 Nbd7 7. Bc4 c5 8. O-O
d5 9. Bd3 c4 10. Bc2 b5 11. e4 dxe4 12. Nxe4 Bb7 13. Ng3 Nd5 14. Bd2 Qb6 15. a3
a5 16. Re1 e6 17. Qc1 Rac8 18. Bh6 Bh8 19. h4 b4 20. Ba4 Bc6 21. Bxc6 Qxc6 22.
h5 bxc3 23. bxc3 Rb8 24. hxg6 hxg6 25. Ne4 N5f6 26. Qf4 Nxe4 27. Rxe4 Qc8 28.
Qh4 Bf6 29. Bg5 Qd8 30. Rf4 Kg7 31. Qh6+ Kg8 32. Bxf6 Nxf6 33. Rh4 Nh5 34. Ng5
Qf6 35. Rxh5 1-0

[Event "Hessen Senioren-ch 2012  8th"]
[Site "Bad Sooden-Adf. (14.4.-22.4)"]
[Date "2012.04.18"]
[Round "5.47"]
[White "Zwanepol, Johan"]
[Black "Gelzinnus, Siegfried"]
[Result "1-0"]
[WhiteElo "1714"]
[BlackElo "1615"]
[PlyCount "133"]
[EventDate "2012.04.??"]
[EventType "swiss"]
[EventRounds "9"]
[EventCountry "GER"]
[WhiteTeam "NED/Groningen SC"]
[BlackTeam "Wetzlar Anderssen Sfr."]
[WhiteTeamCountry "NED"]

1. e4 c6 2. d4 d5 3. Nd2 dxe4 4. Nxe4 Nf6 5. Ng3 g6 6. Nf3 Bg4 7. Be2 Bg7 8.
O-O O-O 9. c3 Nbd7 10. Qb3 Qb6 11. Qa3 e6 12. b3 a6 13. Bd2 Qc7 14. Rac1 Rfe8
15. Rfe1 e5 16. dxe5 Nxe5 17. Nxe5 Bxe2 18. Rxe2 Rxe5 19. Bf4 Ra5 20. Bxc7 Rxa3
21. c4 c5 22. Rd1 Rc8 23. Bf4 b5 24. Red2 h6 25. Rc1 g5 26. Be5 Ng4 27. Bxg7
Kxg7 28. h3 Nf6 29. cxb5 axb5 30. Nf5+ Kh7 31. Rd6 Ng8 32. Rc2 Raa8 33. Rb6 b4
34. Nd6 Rc7 35. Rb7 Ra7 36. Rxc7 Rxc7 37. Ne4 c4 38. bxc4 Ne7 39. c5 Nf5 40.
Rc4 Ra7 41. c6 Rc7 42. Nf6+ Kg6 43. Nd5 Nd6 44. Rxb4 Ra7 45. a4 Kf5 46. Ne3+
Ke6 47. Nc4 Rc7 48. Nxd6 Kxd6 49. Rb7 Rxc6 50. Rxf7 Kc5 51. h4 gxh4 52. Rf4 h3
53. g3 Kd5 54. Kh2 Ke5 55. Kxh3 Rc1 56. Kg4 Ra1 57. Rf5+ Ke6 58. Ra5 Kf6 59. f4
Ra3 60. Ra6+ Kg7 61. Kh4 Kh7 62. f5 Ra1 63. Kg4 Kg7 64. a5 Kh7 65. Ra7+ Kg8 66.
Kh5 Rh1+ 67. Kg6 1-0

[Event "Hessen Senioren-ch 2012  8th"]
[Site "Bad Sooden-Adf. (14.4.-22.4)"]
[Date "2012.04.18"]
[Round "5.48"]
[White "Jung, Michael Prof(40)"]
[Black "Van Dongen, Rob"]
[Result "0-1"]
[WhiteElo "1621"]
[BlackElo "1834"]
[PlyCount "138"]
[EventDate "2012.04.??"]
[EventType "swiss"]
[EventRounds "9"]
[EventCountry "GER"]
[WhiteTeam "Osnabrück SV"]
[BlackTeam "NED/Amsterdam VAS"]
[BlackTeamCountry "NED"]

1. c4 Nf6 2. Nc3 d6 3. g3 g6 4. Bg2 Bg7 5. h3 O-O 6. e4 c5 7. Nge2 Nc6 8. O-O
Rb8 9. d3 a6 10. Be3 b5 11. Qd2 bxc4 12. dxc4 Ne5 13. b3 Bxh3 14. f4 Bxg2 15.
Kxg2 Neg4 16. Bg1 Qa5 17. Rad1 Qb4 18. Kf3 h5 19. Nd5 Nxd5 20. exd5 Qxd2 21.
Rxd2 a5 22. Rb1 Rb7 23. Nc1 Rfb8 24. Re2 Kf8 25. Ke4 f5+ 26. Kf3 Nf6 27. Be3
Ne4 28. Bd2 Bc3 29. Be3 Bb4 30. Rbb2 Ba3 31. Rbc2 a4 32. bxa4 Ra8 33. a5 Rxa5
34. Nb3 Ra4 35. Bd2 Bb4 36. Be1 Rba7 37. Bxb4 Rxb4 38. Re1 Raa4 39. Rec1 Kf7
40. Kg2 Kf6 41. Kf3 Ra3 42. Kg2 Rba4 43. Nd2 Rxg3+ 44. Kh2 Rg4 45. Nxe4+ fxe4
46. Rf1 Kf5 47. Kh3 Ra3+ 48. Kh2 Rxf4 49. Rb1 Raf3 50. Kg2 Rg4+ 51. Kh2 Kg5 52.
a4 Kh4 53. Kh1 Ra3 54. Rh2+ Kg5 55. Rf2 Rxa4 56. Rc1 Ra3 57. Rh2 Rag3 58. Rf1
h4 59. Re1 Rc3 60. Rhe2 Rh3+ 61. Rh2 Rxh2+ 62. Kxh2 Kf5 63. Kh3 g5 64. Re2 Rg3+
65. Kh2 e3 66. Re1 Ke4 67. Rd1 e2 68. Re1 Kf3 69. Kh1 Kf2 0-1

[Event "Hessen Senioren-ch 2012  8th"]
[Site "Bad Sooden-Adf. (14.4.-22.4)"]
[Date "2012.04.18"]
[Round "5.49"]
[White "Kluever, Horst"]
[Black "Tuertmann, Dieter"]
[Result "1/2-1/2"]
[WhiteElo "1672"]
[BlackElo "1806"]
[PlyCount "121"]
[EventDate "2012.04.??"]
[EventType "swiss"]
[EventRounds "9"]
[EventCountry "GER"]
[WhiteTeam "Itzehoer SV"]
[BlackTeam "Eberswalde 1949 ESV"]

1. e4 e6 2. d4 d5 3. exd5 exd5 4. h3 Bd6 5. Nf3 Nf6 6. Bd3 O-O 7. O-O Nc6 8. c3
Re8 9. Be3 Bd7 10. Nbd2 Qc8 11. Re1 h6 12. Qc2 Ne7 13. Ne5 Bf5 14. Bxf5 Qxf5
15. Qxf5 Nxf5 16. Bf4 Ne7 17. Bh2 Nh7 18. f4 f6 19. Nd3 Kf7 20. Nf3 b6 21. g4
g6 22. Re2 c5 23. Rae1 c4 24. Nf2 Rad8 25. h4 Nc6 26. Rxe8 Rxe8 27. Rxe8 Kxe8
28. Nd1 f5 29. gxf5 gxf5 30. Ne3 Ne7 31. Ne5 Nf6 32. Kg2 h5 33. Kf3 b5 34. a3
a5 35. Nc2 Ne4 36. Ke3 Bc7 37. Ke2 Bb6 38. Bg1 Bd8 39. Ne3 Bc7 40. Bh2 Bd8 41.
Bg1 Nd6 42. Bf2 Kf8 43. Nf3 Kg7 44. Ng5 Bb6 45. Be1 Ne8 46. Kf3 Nf6 47. Ne6+
Kf7 48. Ng5+ Ke8 49. Bf2 Kd7 50. Nf7 Ke6 51. Ne5 Ne4 52. Be1 Bc7 53. Nf1 Bd6
54. Ke3 Nf6 55. Kf3 Bc7 56. Ng3 Bb6 57. Ke2 Bd8 58. Kf3 Neg8 59. Nc6 Bb6 60.
Bf2 Nh6 61. Ne5 1/2-1/2

[Event "Hessen Senioren-ch 2012  8th"]
[Site "Bad Sooden-Adf. (14.4.-22.4)"]
[Date "2012.04.18"]
[Round "5.50"]
[White "Otto, Klaus(41)"]
[Black "Josting, Friedel"]
[Result "1/2-1/2"]
[WhiteElo "1577"]
[BlackElo "1785"]
[PlyCount "49"]
[EventDate "2012.04.??"]
[EventType "swiss"]
[EventRounds "9"]
[EventCountry "GER"]
[WhiteTeam "Triebes Thüringer SV"]
[BlackTeam "Bünde 1945 SG"]

1. e4 c5 2. Nf3 e6 3. d4 cxd4 4. Nxd4 a6 5. a3 b5 6. Be2 Bb7 7. Bf3 Nc6 8. Nxc6
Bxc6 9. e5 Rc8 10. Nc3 Qc7 11. Bf4 f5 12. O-O Bc5 13. Bxc6 dxc6 14. Qf3 Ne7 15.
Rfe1 O-O 16. h3 Rcd8 17. Rad1 Nd5 18. Nxd5 cxd5 19. c3 Rd7 20. Qg3 Kh8 21. Be3
f4 22. Bxf4 Rdf7 23. Be3 Rf5 24. Bxc5 Qxc5 25. Re2 1/2-1/2

[Event "Hessen Senioren-ch 2012  8th"]
[Site "Bad Sooden-Adf. (14.4.-22.4)"]
[Date "2012.04.18"]
[Round "5.51"]
[White "Piastowski, Kurt"]
[Black "Voermans, Adri"]
[Result "0-1"]
[WhiteElo "1749"]
[BlackElo "1906"]
[PlyCount "118"]
[EventDate "2012.04.??"]
[EventType "swiss"]
[EventRounds "9"]
[EventCountry "GER"]
[WhiteTeam "Lüneburg Turm SC"]
[BlackTeam "NED/Den Haag DD"]
[BlackTeamCountry "NED"]

1. d4 Nf6 2. Nf3 g6 3. Bf4 d6 4. Nc3 Bg7 5. e3 O-O 6. Be2 b6 7. O-O Nh5 8. Bg3
Nxg3 9. hxg3 c5 10. Qd2 Bb7 11. a4 Nd7 12. Nb5 a6 13. Na3 Bc6 14. b3 Nf6 15. c4
Ne4 16. Qd3 d5 17. Rad1 e6 18. Nb1 Qc7 19. Qc2 Nd6 20. Nbd2 dxc4 21. Nxc4 Nxc4
22. Qxc4 Bd5 23. Qc2 Rfc8 24. Rc1 Qb7 25. Qb1 cxd4 26. exd4 b5 27. axb5 axb5
28. Rxc8+ Rxc8 29. Qd3 b4 30. Qb1 Rc3 31. Bd1 Qc6 32. Re1 Qa8 33. Re3 Rxe3 34.
fxe3 Bh6 35. Kf2 Qc8 36. Qc2 Qc3 37. Qxc3 bxc3 38. Bc2 f5 39. Ne5 Be4 40. Nd3
Bf8 41. Ne1 Bc6 42. Bd3 Kf7 43. Ke2 Bd6 44. Kf2 Ke7 45. Bc2 e5 46. dxe5 Bxe5
47. Nf3 Bf6 48. Ne1 Kd6 49. Bd1 Bd5 50. Bc2 Kc5 51. Nd3+ Kb5 52. Kf1 Be4 53.
Kf2 Bxd3 54. Bxd3+ Kb4 55. Bc2 Ka3 56. Ke2 Be5 57. Kd3 Kb2 58. g4 fxg4 59. b4
h5 0-1

[Event "Hessen Senioren-ch 2012  8th"]
[Site "Bad Sooden-Adf. (14.4.-22.4)"]
[Date "2012.04.18"]
[Round "5.52"]
[White "Berger, Volkmar"]
[Black "Klein, Klaus(36)"]
[Result "1/2-1/2"]
[WhiteElo "1648"]
[BlackElo "1823"]
[PlyCount "53"]
[EventDate "2012.04.??"]
[EventType "swiss"]
[EventRounds "9"]
[EventCountry "GER"]
[WhiteTeam "Cottbus Senioren SC"]
[BlackTeam "Heidelberg SF"]

1. d4 d5 2. Nf3 Nf6 3. Nc3 c6 4. e3 Bg4 5. Be2 Nbd7 6. b3 Bxf3 7. Bxf3 e5 8.
dxe5 Nxe5 9. O-O Qa5 10. Na4 b5 11. Nb2 Bb4 12. Be2 Ne4 13. a4 Nc3 14. Qd2 bxa4
15. Nd3 Nxe2+ 16. Qxe2 Nxd3 17. Rxa4 Qb5 18. Qxd3 Qxd3 19. cxd3 a5 20. Ba3 Bxa3
21. Rxa3 Kd7 22. d4 Rhb8 23. Rc1 Rb5 24. g3 Kd6 25. Kg2 c5 26. dxc5+ Rxc5 27.
Rca1 1/2-1/2

[Event "Hessen Senioren-ch 2012  8th"]
[Site "Bad Sooden-Adf. (14.4.-22.4)"]
[Date "2012.04.18"]
[Round "5.53"]
[White "Huhn, Ulrich"]
[Black "Kirchberg, Hans-Georg"]
[Result "1-0"]
[WhiteElo "1789"]
[BlackElo "1598"]
[PlyCount "51"]
[EventDate "2012.04.??"]
[EventType "swiss"]
[EventRounds "9"]
[EventCountry "GER"]
[WhiteTeam "Berlin Siemensstadt SF"]
[BlackTeam "Dingelstädt SK"]

1. d4 e6 2. Nc3 c5 3. Nf3 Nf6 4. e4 cxd4 5. Nxd4 d6 6. Bb5+ Nbd7 7. O-O Be7 8.
Kh1 O-O 9. f4 e5 10. Nf5 Nc5 11. Nxe7+ Qxe7 12. fxe5 dxe5 13. Bg5 Qe6 14. Bxf6
gxf6 15. b4 a6 16. bxc5 axb5 17. Nd5 f5 18. Nc7 Qh6 19. Nxa8 f4 20. Nb6 Be6 21.
Nd5 Kh8 22. Nc7 Bc4 23. Qd6 f6 24. Nxb5 Bxf1 25. Rxf1 f3 26. gxf3 1-0

[Event "Hessen Senioren-ch 2012  8th"]
[Site "Bad Sooden-Adf. (14.4.-22.4)"]
[Date "2012.04.18"]
[Round "5.54"]
[White "Meyer, Walter(34)"]
[Black "Johannsen, Ingbert"]
[Result "1/2-1/2"]
[WhiteElo "1591"]
[BlackElo "1800"]
[PlyCount "73"]
[EventDate "2012.04.??"]
[EventType "swiss"]
[EventRounds "9"]
[EventCountry "GER"]
[WhiteTeam "Hennef 1927 SV"]
[BlackTeam "Witten SG"]

1. c4 Nf6 2. Nc3 b6 3. d3 Bb7 4. e4 d6 5. Nge2 e6 6. Nf4 Be7 7. g3 O-O 8. Bg2
c6 9. O-O Nbd7 10. Nfe2 Qc7 11. f4 a6 12. Be3 Ng4 13. Bf2 Nxf2 14. Rxf2 b5 15.
cxb5 axb5 16. a3 Qb6 17. d4 c5 18. Rf1 b4 19. Na4 Qb5 20. axb4 cxb4 21. b3 Ba6
22. Re1 Rac8 23. Rc1 e5 24. Bf1 Qb7 25. Rxc8 Rxc8 26. d5 Bf6 27. Bh3 Rc7 28.
Qd2 Nc5 29. Nxc5 Rxc5 30. Bf1 Qb6 31. Kg2 h6 32. Rc1 Qc7 33. Rxc5 Qxc5 34. Nc1
Bxf1+ 35. Kxf1 exf4 36. gxf4 Bc3 37. Qd3 1/2-1/2

[Event "Hessen Senioren-ch 2012  8th"]
[Site "Bad Sooden-Adf. (14.4.-22.4)"]
[Date "2012.04.18"]
[Round "5.55"]
[White "Burkardt, Robert"]
[Black "Burckhardt, Karl"]
[Result "0-1"]
[WhiteElo "1521"]
[BlackElo "1725"]
[PlyCount "70"]
[EventDate "2012.04.??"]
[EventType "swiss"]
[EventRounds "9"]
[EventCountry "GER"]
[WhiteTeam "Fechenheim SV"]
[BlackTeam "Fulda SC"]

1. e4 d6 2. d4 Nf6 3. Nc3 Nbd7 4. Nf3 e5 5. dxe5 dxe5 6. a3 Be7 7. Be2 O-O 8.
h3 c6 9. O-O Qc7 10. Bg5 Rd8 11. Qc1 Nc5 12. Qe3 Ne6 13. Bxf6 Bxf6 14. Rfd1 Nd4
15. Bd3 Be6 16. Ne2 h6 17. Nexd4 exd4 18. Qe2 c5 19. b3 g6 20. Rf1 a6 21. a4
Rac8 22. Nh2 c4 23. bxc4 Bxc4 24. f4 Bxd3 25. cxd3 Qc2 26. Rf2 Qxe2 27. Rxe2
Rc3 28. Rd2 Be7 29. Rb1 Rd7 30. Nf3 Bc5 31. Ne5 Rc7 32. Nc4 Kf8 33. Kf2 Ke7 34.
Kf3 Ba7 35. g4 R7xc4 0-1

[Event "Hessen Senioren-ch 2012  8th"]
[Site "Bad Sooden-Adf. (14.4.-22.4)"]
[Date "2012.04.18"]
[Round "5.57"]
[White "Brahn, Helmut"]
[Black "Wulf, Adalbert"]
[Result "0-1"]
[WhiteElo "1591"]
[BlackElo "1751"]
[PlyCount "64"]
[EventDate "2012.04.??"]
[EventType "swiss"]
[EventRounds "9"]
[EventCountry "GER"]
[WhiteTeam "Burghaun SG"]
[BlackTeam "Ennigerloh-Oelde SV"]

1. c4 e5 2. d3 Nf6 3. Nf3 Nc6 4. a3 d6 5. e3 g6 6. Nc3 Bg7 7. Be2 O-O 8. Bd2 a6
9. O-O Ne7 10. Re1 Ne8 11. d4 c6 12. dxe5 dxe5 13. e4 Qc7 14. Be3 Bg4 15. h3
Bxf3 16. Bxf3 Nd6 17. Qb3 b5 18. cxb5 axb5 19. Rac1 Qb7 20. Red1 Nc4 21. Bc5
Rfd8 22. Rxd8+ Rxd8 23. Nb1 Nb6 24. Bxe7 Qxe7 25. Rxc6 Nc4 26. Qxb5 Nd2 27.
Nxd2 Rxd2 28. Rc8+ Bf8 29. Qe8 Qxe8 30. Rxe8 Rxb2 31. a4 Kg7 32. Rxe5 Rb1+ 0-1

[Event "Hessen Senioren-ch 2012  8th"]
[Site "Bad Sooden-Adf. (14.4.-22.4)"]
[Date "2012.04.18"]
[Round "5.58"]
[White "Schmieder, Wolfgang"]
[Black "Wieprecht, Gerhard"]
[Result "0-1"]
[WhiteElo "1551"]
[BlackElo "1717"]
[PlyCount "98"]
[EventDate "2012.04.??"]
[EventType "swiss"]
[EventRounds "9"]
[EventCountry "GER"]
[WhiteTeam "Kassel SVH"]
[BlackTeam "Kassel CAISSA SV"]

1. c4 Nf6 2. Nc3 e6 3. d4 d5 4. c5 Nbd7 5. Nf3 c6 6. Qc2 Be7 7. g3 O-O 8. Bg2
b6 9. cxb6 axb6 10. O-O c5 11. dxc5 bxc5 12. e3 Ba6 13. Rd1 Qc7 14. b3 Rac8 15.
Bb2 Rfd8 16. Ng5 h6 17. Nh3 Nb6 18. Ne2 Qb8 19. Nhf4 d4 20. Bh3 c4 21. Rxd4 e5
22. Rxd8+ Rxd8 23. Ng2 cxb3 24. axb3 Bd3 25. Qc6 Bxe2 26. Rc1 Rd1+ 27. Rxd1
Bxd1 28. Bxe5 Qxe5 29. Qxb6 Qa1 30. Qd4 Qxd4 31. exd4 Bxb3 32. Ne3 Nd5 33. Bg2
Nxe3 34. fxe3 Kf8 35. Kf2 Bf6 36. d5 Ke7 37. e4 Kd6 38. Ke3 Ke5 39. h3 Bd8 40.
Bf1 Bb6+ 41. Kd3 Ba4 42. Kc4 Bc2 43. Bd3 Bd1 44. Kb5 Bf2 45. g4 Bh4 46. Kc6 Bf3
47. d6 Bxe4+ 48. Bxe4 Kxe4 49. d7 Kf3 0-1

[Event "Hessen Senioren-ch 2012  8th"]
[Site "Bad Sooden-Adf. (14.4.-22.4)"]
[Date "2012.04.18"]
[Round "5.59"]
[White "Merettig, Georg"]
[Black "Strozewski, Guenter"]
[Result "1-0"]
[WhiteElo "1748"]
[BlackElo "1526"]
[PlyCount "67"]
[EventDate "2012.04.??"]
[EventType "swiss"]
[EventRounds "9"]
[EventCountry "GER"]
[WhiteTeam "Wolfenbüttel Caissa SV"]
[BlackTeam "Erkenschwick SV"]

1. Nc3 d5 2. e4 d4 3. Nce2 e5 4. d3 Nf6 5. f4 Nc6 6. Nf3 Bd6 7. fxe5 Nxe5 8.
Nexd4 Bg4 9. Be2 Bxf3 10. Nxf3 Neg4 11. O-O Qd7 12. h3 h5 13. Bg5 Nh7 14. Qd2
f6 15. hxg4 hxg4 16. Bf4 gxf3 17. Bxf3 Ng5 18. Bxg5 fxg5 19. Qxg5 Be7 20. Qg6+
Kd8 21. c3 Bf6 22. d4 Rh6 23. Qf5 Qe7 24. Qd5+ Qd6 25. e5 Qxd5 26. Bxd5 Bg5 27.
g3 Rh8 28. Rf7 c6 29. Bb3 a5 30. Raf1 Be7 31. Rxg7 Kd7 32. Rff7 Rae8 33. d5
cxd5 34. Ba4+ 1-0

[Event "Hessen Senioren-ch 2012  8th"]
[Site "Bad Sooden-Adf. (14.4.-22.4)"]
[Date "2012.04.18"]
[Round "5.60"]
[White "Preiss, Gerhard"]
[Black "Aepfler, Gerhard"]
[Result "1/2-1/2"]
[WhiteElo "1586"]
[BlackElo "1673"]
[PlyCount "46"]
[EventDate "2012.04.??"]
[EventType "swiss"]
[EventRounds "9"]
[EventCountry "GER"]
[WhiteTeam "Steinhagen SK"]
[BlackTeam "Apolda TSG"]

1. c4 e5 2. Nc3 Nf6 3. g3 d5 4. cxd5 Nxd5 5. Bg2 Nb6 6. e3 Nc6 7. Nge2 Be7 8.
O-O Bg4 9. f3 Be6 10. d4 Bc4 11. Re1 O-O 12. b3 Bxe2 13. Nxe2 Bb4 14. Rf1 Re8
15. a3 Be7 16. Bb2 Bf6 17. dxe5 Nxe5 18. Kh1 Qe7 19. e4 Rad8 20. Qc2 Nd3 21.
Bxf6 gxf6 22. Nf4 Nxf4 23. gxf4 Qd6 1/2-1/2

[Event "Hessen Senioren-ch 2012  8th"]
[Site "Bad Sooden-Adf. (14.4.-22.4)"]
[Date "2012.04.18"]
[Round "5.61"]
[White "Fuhlrott, Heinz"]
[Black "Rehder, Frank"]
[Result "0-1"]
[WhiteElo "1501"]
[BlackElo "1705"]
[PlyCount "110"]
[EventDate "2012.04.??"]
[EventType "swiss"]
[EventRounds "9"]
[EventCountry "GER"]
[WhiteTeam "Winsen Fichte MTV"]
[BlackTeam "Berlin Zugzwang 95 SC"]

1. d4 Nf6 2. Bg5 g6 3. Bxf6 exf6 4. c4 d6 5. g3 Bg7 6. Bg2 f5 7. e3 Nd7 8. Ne2
Rb8 9. Nd2 O-O 10. O-O Nf6 11. Rb1 Bd7 12. b4 c6 13. a4 d5 14. c5 a6 15. a5 Qe7
16. Nc3 Ng4 17. Re1 Bh6 18. Qf3 Rbe8 19. Nd1 Bg7 20. Nc3 h5 21. h3 Nf6 22. Qf4
Bc8 23. Na4 Kh7 24. Nb6 Be6 25. Qf3 Ne4 26. Nxe4 fxe4 27. Qe2 Bf5 28. Qf1 g5
29. Rb3 Be6 30. f4 exf3 31. Qxf3 Kg6 32. Rf1 f5 33. Qd1 Rf7 34. Qd3 Kh6 35. Rb2
Ref8 36. Rbf2 Qc7 37. Rf3 Rf6 38. Qd2 Kh7 39. Qe1 Bh6 40. g4 hxg4 41. hxg4 f4
42. Bh3 Bf7 43. Qe2 Bg6 44. Qh2 Be4 45. R3f2 Qg7 46. Bg2 fxe3 47. Bxe4+ dxe4
48. Rxf6 Rxf6 49. Rxf6 Qxf6 50. Qb2 Qf3 51. Qg2 Qd1+ 52. Kh2 Qxd4 53. Kh3 Qd3
54. Qa2 Qf1+ 55. Kg3 e2 0-1

[Event "Hessen Senioren-ch 2012  8th"]
[Site "Bad Sooden-Adf. (14.4.-22.4)"]
[Date "2012.04.18"]
[Round "5.62"]
[White "Von Janta, Lothar"]
[Black "Schwichtenberg, Juergen"]
[Result "1/2-1/2"]
[WhiteElo "1656"]
[BlackElo "1545"]
[PlyCount "77"]
[EventDate "2012.04.??"]
[EventType "swiss"]
[EventRounds "9"]
[EventCountry "GER"]
[WhiteTeam "Berenbostel SV"]
[BlackTeam "Hofheim 1920 SV"]

1. c4 e5 2. Nc3 Nc6 3. g3 g6 4. Bg2 Nge7 5. d3 Bg7 6. a3 b6 7. Rb1 a5 8. e3 Bb7
9. Nge2 d6 10. O-O O-O 11. Nb5 Rb8 12. Qc2 Qd7 13. b4 axb4 14. axb4 Nd8 15.
Bxb7 Nxb7 16. d4 Ra8 17. dxe5 Bxe5 18. Rd1 Ra6 19. Qe4 c6 20. Qxe5 cxb5 21. Bb2
f6 22. Qf4 Kg7 23. Nc3 bxc4 24. Qxc4 Raa8 25. Ne4 Ng8 26. Ng5 Rae8 27. Nf3 Rc8
28. Qd4 b5 29. Rbc1 Rxc1 30. Rxc1 Rc8 31. Rd1 Rc4 32. Qd2 Ne7 33. Ba1 Kf7 34.
Qb2 Qe6 35. Nd4 Qe5 36. Qa2 Qd5 37. Qb3 Kg7 38. Bc3 Qe5 39. Ne2 1/2-1/2

[Event "Hessen Senioren-ch 2012  8th"]
[Site "Bad Sooden-Adf. (14.4.-22.4)"]
[Date "2012.04.18"]
[Round "5.63"]
[White "Micheel, Peter"]
[Black "Pastowski, Werner"]
[Result "1/2-1/2"]
[WhiteElo "1697"]
[BlackElo "1505"]
[PlyCount "38"]
[EventDate "2012.04.??"]
[EventType "swiss"]
[EventRounds "9"]
[EventCountry "GER"]
[WhiteTeam "Graal-Müritz SSC"]
[BlackTeam "Schmalkalden 04 SV"]

1. e4 e6 2. d4 d5 3. Nc3 Nf6 4. Bg5 Be7 5. e5 Nfd7 6. Bxe7 Qxe7 7. Qg4 g6 8. f4
a6 9. Nf3 c5 10. dxc5 Nc6 11. a3 Qxc5 12. Bd3 Qe3+ 13. Be2 Nd4 14. Nxd4 Qxd4
15. Qg3 Nb6 16. Qf2 Qxf2+ 17. Kxf2 Bd7 18. Rhd1 Rc8 19. Rd4 Bc6 1/2-1/2

[Event "Hessen Senioren-ch 2012  8th"]
[Site "Bad Sooden-Adf. (14.4.-22.4)"]
[Date "2012.04.18"]
[Round "5.64"]
[White "Kienel, Norbert"]
[Black "Hielscher, Klaus-Wieprecht"]
[Result "1-0"]
[WhiteElo "1696"]
[BlackElo "1545"]
[PlyCount "75"]
[EventDate "2012.04.??"]
[EventType "swiss"]
[EventRounds "9"]
[EventCountry "GER"]
[WhiteTeam "Osnabrück SV"]
[BlackTeam "Braunschweiger SF"]

1. d4 Nf6 2. c4 e6 3. Nc3 d5 4. e3 b6 5. Bd3 Bb7 6. Nf3 Be7 7. O-O O-O 8. Re1
c5 9. b3 Re8 10. Bb2 cxd4 11. Nxd4 a6 12. Qc2 Nbd7 13. cxd5 exd5 14. Qe2 Nc5
15. Bc2 Rc8 16. b4 Nce4 17. Nxe4 dxe4 18. a3 b5 19. Red1 Qc7 20. Rac1 Qe5 21.
Bb3 Rxc1 22. Rxc1 Qh5 23. Qxh5 Nxh5 24. Rc7 Bc8 25. Nc6 Bd6 26. Bxf7+ Kf8 27.
Bxe8 Bxc7 28. Bxh5 Bb7 29. Nd4 Bd5 30. Bg4 Kf7 31. Bc8 Be5 32. Bxa6 Bc4 33. Bc1
Bd3 34. h3 g6 35. f3 exf3 36. gxf3 g5 37. Bxb5 Bxd4 38. Bxd3 1-0

[Event "Hessen Senioren-ch 2012  8th"]
[Site "Bad Sooden-Adf. (14.4.-22.4)"]
[Date "2012.04.18"]
[Round "5.65"]
[White "Etzold, Walter"]
[Black "Winkler, Werner"]
[Result "1-0"]
[WhiteElo "1995"]
[BlackElo "1513"]
[PlyCount "79"]
[EventDate "2012.04.??"]
[EventType "swiss"]
[EventRounds "9"]
[EventCountry "GER"]
[WhiteTeam "Langenberg(Gera) Elstertal SZ"]
[BlackTeam "Bad Sooden-Allendorf SK"]

1. d4 d5 2. Nf3 Bf5 3. Nbd2 a6 4. g3 h6 5. Bg2 e6 6. O-O Nc6 7. c3 Nf6 8. Re1
Be7 9. Nf1 O-O 10. h3 Bd6 11. g4 Be4 12. Ng3 Bxg3 13. fxg3 Nh7 14. Be3 f5 15.
gxf5 Bxf5 16. Nh4 Be4 17. Bxe4 dxe4 18. Rf1 Ng5 19. Kh2 Na5 20. Ng6 Rf5 21. Ne5
b5 22. b3 Qe8 23. Bxg5 Rxg5 24. Rf4 Nc6 25. Nxc6 Qxc6 26. Qc2 Rf8 27. Raf1 Rxf4
28. Rxf4 Qd5 29. Qxe4 Qxe4 30. Rxe4 Kf7 31. Rf4+ Ke7 32. e4 c6 33. Kg2 a5 34.
Kf3 e5 35. Rf5 exd4 36. Rxg5 hxg5 37. cxd4 Ke6 38. a3 Kd6 39. b4 a4 40. Kg4 1-0

[Event "Hessen Senioren-ch 2012  8th"]
[Site "Bad Sooden-Adf. (14.4.-22.4)"]
[Date "2012.04.18"]
[Round "5.66"]
[White "Straschnej, Paul"]
[Black "Kleist, Werner(35)"]
[Result "1-0"]
[WhiteElo "1538"]
[BlackElo "1480"]
[PlyCount "58"]
[EventDate "2012.04.??"]
[EventType "swiss"]
[EventRounds "9"]
[EventCountry "GER"]
[WhiteTeam "Bad Emstal Sfr."]
[BlackTeam "GER/Berlin"]

1. d4 d5 2. c4 c6 3. Nc3 Nf6 4. Nf3 g6 5. e3 Bg7 6. Bd3 O-O 7. O-O Re8 8. Qc2
Nbd7 9. cxd5 cxd5 10. Bb5 a6 11. Ba4 b5 12. Bb3 e6 13. Re1 Bb7 14. a3 Rc8 15.
Qb1 Nb6 16. Ne5 Nc4 17. Nd3 Nd7 18. Ba2 e5 19. b3 Nxa3 20. Bxa3 Rxc3 21. Nc5
Nxc5 22. Bxc5 Qh4 23. Qb2 exd4 24. exd4 Rxe1+ 25. Rxe1 Bxd4 26. Re8+ Kg7 27.
Bf8+ Kf6 28. Be7+ Kf5 29. Bxh4 Rd3 1-0

[Event "Hessen Senioren-ch 2012  8th"]
[Site "Bad Sooden-Adf. (14.4.-22.4)"]
[Date "2012.04.18"]
[Round "5.67"]
[White "Ludwig, Siegfried"]
[Black "Mertens, Gottfried"]
[Result "0-1"]
[WhiteElo "1412"]
[BlackElo "1829"]
[PlyCount "78"]
[EventDate "2012.04.??"]
[EventType "swiss"]
[EventRounds "9"]
[EventCountry "GER"]
[WhiteTeam "Hemmingen GSV"]
[BlackTeam "Weinheim 1911 SK"]

1. e4 e6 2. Nc3 d5 3. exd5 exd5 4. d4 Nf6 5. Nf3 Bg4 6. Be2 Bd6 7. Bg5 c6 8.
Qd3 O-O 9. h3 Bh5 10. Ne5 Bxe2 11. Qxe2 Re8 12. O-O Be7 13. f4 Qb6 14. Rae1
Qxd4+ 15. Kh1 Qc5 16. Ng4 Nbd7 17. Bxf6 Bxf6 18. Qf3 Bxc3 19. bxc3 Kf8 20. Ne5
Nf6 21. g4 Qd6 22. g5 Ne4 23. Re2 Qe6 24. h4 Qf5 25. h5 Rxe5 26. fxe5 Ng3+ 27.
Kg2 Qxf3+ 28. Rxf3 Nxe2 29. Kf2 Re8 30. g6 hxg6 31. hxg6 Re7 32. Kxe2 Rxe5+ 33.
Kd3 f6 34. Rg3 Rg5 35. Rxg5 fxg5 36. Ke3 Ke7 37. Kf3 Kf6 38. Kg4 Kxg6 39. c4
dxc4 0-1

[Event "Hessen Senioren-ch 2012  8th"]
[Site "Bad Sooden-Adf. (14.4.-22.4)"]
[Date "2012.04.18"]
[Round "5.68"]
[White "Bendisch, Juergen Dr"]
[Black "Schneider, Hans(31)"]
[Result "1/2-1/2"]
[WhiteElo "1692"]
[BlackElo "1491"]
[PlyCount "28"]
[EventDate "2012.04.??"]
[EventType "swiss"]
[EventRounds "9"]
[EventCountry "GER"]
[WhiteTeam "Hennef 1927 SV"]
[BlackTeam "Oberhausen SW SV"]

1. d4 Nf6 2. Nf3 d5 3. Bf4 g6 4. Nbd2 Bg7 5. c3 O-O 6. e3 Nbd7 7. Bd3 c5 8.
dxc5 Nxc5 9. Bc2 b6 10. h3 Ba6 11. Nb3 Nfe4 12. Nxc5 bxc5 13. Bxe4 dxe4 14. Nd2
e5 1/2-1/2